Устойчивость процесса зажигания полимерного материала горячей частицей; Перспективы развития фундаментальных наук

Bibliografiske detaljer
Parent link:Перспективы развития фундаментальных наук.— 2015.— [С. 679-682]
Hovedforfatter: Глушков Д. О. Дмитрий Олегович
Institution som forfatter: Национальный исследовательский Томский политехнический университет (ТПУ) Энергетический институт (ЭНИН) Кафедра автоматизации теплоэнергетических процессов (АТП)
Andre forfattere: Вершинина К. Ю. Ксения Юрьевна
Summary:Заглавие с экрана
As a result of the numerical investigation of a typical polymeric material ignition by a local energy source with limited heat content it has been determined three modes: gasification without ignition followed by pyrolysis stop, stable ignition, and unstable ignition. The mathematical model of the process takes in account conductive heat transfer and thermal decomposition in condensed phase, diffusion-convective heat and mass transfer and gaseous pyrolysis products oxidation of polymeric material in air.
Sprog:russisk
Udgivet: 2015
Serier:Математика
Fag:
Online adgang:http://earchive.tpu.ru/handle/11683/19024
http://www.lib.tpu.ru/fulltext/c/2015/C21/213.pdf
Format: MixedMaterials Electronisk Book Chapter
KOHA link:https://koha.lib.tpu.ru/cgi-bin/koha/opac-detail.pl?biblionumber=613090

MARC

LEADER 00000naa2a2200000 4500
001 613090
005 20240124114203.0
035 |a (RuTPU)RU\TPU\conf\11221 
035 |a RU\TPU\conf\11219 
090 |a 613090 
100 |a 20150706d2015 k y0rusy50 ca 
101 0 |a rus 
102 |a RU 
105 |a a z 101zy 
135 |a drcn ---uucaa 
181 0 |a i  
182 0 |a b 
200 1 |a Устойчивость процесса зажигания полимерного материала горячей частицей  |d Stability of polymeric material ignition by hot particle  |f Д. О. Глушков, К. Ю. Вершинина 
203 |a Текст  |c электронный 
215 |a 1 файл(365 Кб) 
225 1 |a Математика 
300 |a Заглавие с экрана 
320 |a [Библиогр.: с. 681-682 (4 назв.)] 
330 |a As a result of the numerical investigation of a typical polymeric material ignition by a local energy source with limited heat content it has been determined three modes: gasification without ignition followed by pyrolysis stop, stable ignition, and unstable ignition. The mathematical model of the process takes in account conductive heat transfer and thermal decomposition in condensed phase, diffusion-convective heat and mass transfer and gaseous pyrolysis products oxidation of polymeric material in air. 
337 |a Adobe Reader 
463 1 |0 (RuTPU)RU\TPU\conf\10376  |t Перспективы развития фундаментальных наук  |l Prospects of fundamental sciences development  |o сборник научных трудов XII Международной конференция студентов и молодых ученых, г. Томск, 21-24 апреля 2015 г.  |f Национальный исследовательский Томский политехнический университет (ТПУ) ; Национальный исследовательский Томский государственный университет (ТГУ) ; Томский государственный архитектурно-строительный университет (ТГАСУ) ; Томский государственный университет систем управления и радиоэлектроники (ТУСУР) ; ред. кол. И. А. Курзина ; Г. А. Воронова ; С. А. Поробова  |v [С. 679-682]  |d 2015 
510 1 |a Stability of polymeric material ignition by hot particle  |z eng 
610 1 |a электронный ресурс 
610 1 |a труды учёных ТПУ 
610 1 |a устойчивость 
610 1 |a зажигание 
610 1 |a полимерные материалы 
610 1 |a горячие частицы 
700 1 |a Глушков  |b Д. О.  |c специалист в области теплоэнергетики  |c профессор, директор ИШФВП Томского политехнического университета, доктор технических наук  |f 1988-  |g Дмитрий Олегович  |3 (RuTPU)RU\TPU\pers\29001  |9 13722 
701 1 |a Вершинина  |b К. Ю.  |c специалист в области теплоэнергетики  |c доцент Томского политехнического университета, кандидат физико-математических наук  |f 1992-  |g Ксения Юрьевна  |3 (RuTPU)RU\TPU\pers\33595  |9 17253 
712 0 2 |a Национальный исследовательский Томский политехнический университет (ТПУ)  |b Энергетический институт (ЭНИН)  |b Кафедра автоматизации теплоэнергетических процессов (АТП)  |3 (RuTPU)RU\TPU\col\18678 
801 1 |a RU  |b 63413507  |c 20101016 
801 2 |a RU  |b 63413507  |c 20210128  |g RCR 
856 4 |u http://earchive.tpu.ru/handle/11683/19024 
856 4 |u http://www.lib.tpu.ru/fulltext/c/2015/C21/213.pdf 
942 |c BK